000
00234nam a22000857a 4500
008
160704b xxu||||| |||| 00| 0 eng d
100
_9
2071
_a
Choksi, M., et al
245
_a
Once Upon a Time
260
_a
New Delhi
_b
National Book Trust
_c
1973
999
_c
1768
_d
1768